000 00516nam a2200169Ia 4500
008 220204s9999 xx 000 0 und d
082 _a575:631.523
_bVID
100 _aVidyasekharan, P
245 0 _aGenetic engineering, molecular biology and tissue culture for crop pest and disease management
260 _aDelhi
_bDaya Pub
_c1993
650 _aCrop disease management
650 _amolecular biology
650 _aMonoclonal antibodies
650 _aRFLP
650 _atissue culture technique
942 _cBK
999 _c40452
_d40452